Death and Dying in Lyrics - Statistics

General Stats
  • This quiz has been taken 22 times
    14 since last reset
  • The average score is 10 of 14
Answer Stats
Singer/Group Lyric Answer % Correct
The Band Perry If I ... young, ... me in satin Lay me down on a bed of roses Die/Bury
93%
Frank Sinatra And now, the ... is near And so I face the final curtain End
93%
Led Zeppelin There's a lady who's sure All that glitters is gold And she's buying a stairway to... Heaven
93%
Puff Daddy/Faith Evans Give anything to hear half your breath (half your breath) I know you still living your life after ... Death
86%
Bob Marley I... the Sheriff, but I did not ...the deputy. Shot/Shoot
86%
Cutting Crew Oh, I, I just... in your arms tonight. It must've been something you said Died
79%
Elton John Even when you ... Oh the press still hounded you. All the papers had to say Was that Marilyn was found in the nude Died
79%
Eric Clapton I must be strong And carry on 'Cause I know I don't belong Here in... Heaven
79%
Celine Dion Love can touch us one time And last for a lifetime And never let go 'til we're ... Gone
71%
Bob Dylan It's gettin' dark, too dark to see I feel I'm knockin' on ...'s door Heaven
71%
The Script I hope you're up there with ... saying, "That's my kid!" I still look for your face in the crowd God
57%
James Taylor Just yesterday morning, they let me know you were ... Suzanne, the plans they made put an end to you. Gone
57%
Wiz Khalifa/Charlie Puth Those were the days Hard work forever pays Now I see you in ... A Better Place
29%
Sarah McLachlan As my soul slides down to ... How could I lose him? What did I try? Die
29%
No matching quizzes found
Score Distribution
Percent of People with Each Score
Percentile by Number Answered
Your Score History
You have not taken this quiz since the last reset